Microcomputer interfacing with the 8255 PPI chip /

Guardado en:
Autor Principal: Goldsbrough, Paul F.
Formato: Libro
Idioma:English
Publicado: Indianapolis : H. W. Sams, c1979.
Edición:1st ed.
Series:Blacksburg continuing education series
Materias:
Etiquetas: Agregar Etiqueta
Sin Etiquetas, Sea el primero en etiquetar este registro!
LEADER 00846nam a22002295a 4500
001 EIQ.libpla003805
008 791102s1979####inua##########001#0#eng#d
005 20080319153548.0
245 1 0 |a Microcomputer interfacing with the 8255 PPI chip /  |c by Paul F. Goldsbrough ; with portions of the experiments by Peter R. Rony. 
250 |a 1st ed. 
260 |a Indianapolis :  |b H. W. Sams,  |c c1979. 
300 |a 217 p. :  |b il. ;  |c 22 cm. 
490 0 |a Blacksburg continuing education series 
500 |a Incluye índice. 
020 |a 0672216140 
100 1 |a Goldsbrough, Paul F. 
082 0 0 |a 621.3819/535 
650 4 |a Microcomputadores  |x Interfaces periféricos programables. 
650 0 |a Microcomputers  |x Programmable peripheral interfaces. 
010 |a  79063864  
040 |a DLC  |c DLC  |d AR-BbSID 
859 |a AR-BbSID  |b BIB. PLAPIQUI  |h 001.640 44  |i G 577  |p 53